Las migraciones internacionales en el Cono Sur

Uloženo v:
Podrobná bibliografie
Hlavní autor: Balán, Jorge (Autor)
Korporace: Comité Intergubernamental para las Migraciones (Autor), Georgetown University, Estados Unidos. Center for Immigration Policy and Refugee Assistance (Autor)
Médium: Kniha
Jazyk:španělština
Vydáno: Buenos Aires CIM 1985
Témata:
Tagy: Přidat tag
Žádné tagy, Buďte první, kdo vytvoří štítek k tomuto záznamu!

MARC

LEADER 00000nam a2200000 a 4500
001 UCX2623
003 CL-VaPUC
008 910715e19850000AG |||||||||||||||||spa|d
082 0 4 |a 304.8  |b BAL  |2 21 
100 0 |a Balán, Jorge  |e author  |9 318654 
110 2 |a Comité Intergubernamental para las Migraciones  |e author  |9 318655 
710 2 |a Georgetown University, Estados Unidos. Center for Immigration Policy and Refugee Assistance  |e author  |9 318656 
245 1 4 |a Las migraciones internacionales en el Cono Sur 
300 |a 76 p 
942 |c BK 
945 |d 19910715 00:00:00 
260 |a Buenos Aires  |b CIM  |c 1985 
500 |a Trabajo realizado dentro del marco del Proyecto de Migración Hemisférica, Comité Intergubernamental para las Migraciones y Universidad de Georgetown 
650 0 |a Emigración e inmigración  |9 257711 
650 0 |a Aspectos económicos  |9 255165 
650 7 |a PAISES DEL CONO SUR  |2 CL-VaPUC  |9 318657 
651 7 |a PAISES DEL CONO SUR  |2 CL-VaPUC  |9 318657 
583 |a last modification  |c 19910715 00:00:00  |k Rodrigo Vera 
999 |c 223605  |d 223603 
952 |0 0  |1 0  |4 0  |6 304_800000000000000_BAL_1985  |7 0  |8 A  |9 219579  |a BIBHIS  |b BIBHIS  |d 2019-11-15  |i 2882779  |o 304.8 BAL 1985  |p 2882779  |r 2025-01-20  |w 2019-11-15  |y BK  |k HIS